[Event "Winnipeg Tuesday Night op 9th"]
[Site "Winnipeg CAN"]
[Date "2000.09.12"]
[Round "1"]
[White "Khedkar, Jay S"]
[Black "Hanrahan, Nigel"]
[Result "1-0"]
[WhiteElo "1994"]
[BlackElo "1635"]
[PlyCount "51"]
[GameId "2160767911652486"]
[EventDate "2000.09.12"]
[EventType "swiss"]
[EventRounds "6"]
[EventCountry "CAN"]
[SourceTitle "EXT 2005"]
[Source "ChessBase"]
[SourceDate "2004.11.15"]
[SourceVersion "1"]
[SourceVersionDate "2004.11.15"]
[SourceQuality "1"]

1. d4 Nf6 2. c4 e6 3. Nf3 b6 4. g3 Bb7 5. Bg2 Bb4+ 6. Bd2 Bxd2+ 7. Qxd2 O-O 8. O-O d6 9. Nc3 Ne4 10. Qc2 Nxc3 11. Qxc3 Qf6 12. Rac1 Nc6 13. d5 Qxc3 14. Rxc3 Ne7 15. e4 e5 16. b4 a5 17. a3 axb4 18. axb4 Ra4 19. c5 bxc5 20. bxc5 Rc8 21. Rb1 Ra7 22. Bh3 Rca8 23. cxd6 cxd6 24. Rc7 Ra1 25. Rcxb7 Rxb1+ 26. Rxb1 1-0

[Event "Winnipeg Tuesday Night op 9th"]
[Site "Winnipeg CAN"]
[Date "2000.09.12"]
[Round "1"]
[White "Klokow, John"]
[Black "Gibbons, Lorne"]
[Result "1-0"]
[WhiteElo "1741"]
[BlackElo "1382"]
[PlyCount "27"]
[GameId "2160767911652487"]
[EventDate "2000.09.12"]
[EventType "swiss"]
[EventRounds "6"]
[EventCountry "CAN"]
[SourceTitle "EXT 2005"]
[Source "ChessBase"]
[SourceDate "2004.11.15"]
[SourceVersion "1"]
[SourceVersionDate "2004.11.15"]
[SourceQuality "1"]

1. e4 e5 2. f4 exf4 3. Nf3 h6 4. Bc4 d6 5. d4 Bg4 6. Bxf4 g5 7. Bg3 Bg7 8. O-O Nd7 9. Bxf7+ Kf8 10. Bb3 Qf6 11. Nc3 c6 12. Ne5 Bxd1 13. Nxd7+ Ke7 14. Nxf6 1-0

[Event "Winnipeg Tuesday Night op 9th"]
[Site "Winnipeg CAN"]
[Date "2000.09.12"]
[Round "1"]
[White "Kostiuk, Sheldon"]
[Black "Schulz, Waldemar"]
[Result "0-1"]
[WhiteElo "1656"]
[BlackElo "2016"]
[PlyCount "56"]
[GameId "2160767911652488"]
[EventDate "2000.09.12"]
[EventType "swiss"]
[EventRounds "6"]
[EventCountry "CAN"]
[SourceTitle "EXT 2005"]
[Source "ChessBase"]
[SourceDate "2004.11.15"]
[SourceVersion "1"]
[SourceVersionDate "2004.11.15"]
[SourceQuality "1"]

1. e4 c5 2. Nf3 e6 3. d4 cxd4 4. Nxd4 Nf6 5. Nc3 d6 6. Be2 Be7 7. O-O a6 8. Be3 O-O 9. f4 Qc7 10. Qe1 b5 11. Bf3 Bb7 12. Bf2 Nbd7 13. Qe2 Nc5 14. Rfe1 b4 15. e5 bxc3 16. b4 Bxf3 17. Qxf3 dxe5 18. fxe5 Nd5 19. bxc5 Bxc5 20. Re4 Rfe8 21. Rf1 Rab8 22. Qh5 g6 23. Qh3 Rb4 24. Rh4 Qxe5 25. a3 Rxd4 26. Rxh7 Nf4 27. Qh6 Ne2+ 28. Kh1 Rf4 0-1

[Event "Winnipeg Tuesday Night op 9th"]
[Site "Winnipeg CAN"]
[Date "2000.09.12"]
[Round "1"]
[White "Weijs, Harry"]
[Black "Boron, Anthony"]
[Result "0-1"]
[WhiteElo "1514"]
[BlackElo "1887"]
[PlyCount "74"]
[GameId "2160767911652489"]
[EventDate "2000.09.12"]
[EventType "swiss"]
[EventRounds "6"]
[EventCountry "CAN"]
[SourceTitle "EXT 2005"]
[Source "ChessBase"]
[SourceDate "2004.11.15"]
[SourceVersion "1"]
[SourceVersionDate "2004.11.15"]
[SourceQuality "1"]

1. d4 Nf6 2. Bg5 e6 3. e4 h6 4. Bxf6 Qxf6 5. Nc3 c6 6. Qd2 Bb4 7. a3 Ba5 8. b4 Bc7 9. e5 Qe7 10. f4 d6 11. Nf3 O-O 12. Bd3 Nd7 13. O-O a5 14. Ne2 axb4 15. axb4 Rxa1 16. Rxa1 Nb6 17. Ng3 Rd8 18. Nh5 Nd7 19. f5 dxe5 20. fxe6 Qxe6 21. Qe2 Qg4 22. Ng3 exd4 23. Bf5 Qf4 24. Re1 Qe3+ 25. Kh1 Qxe2 26. Rxe2 Nf6 27. Bxc8 Rxc8 28. Nxd4 Rd8 29. Nf3 Nd5 30. b5 Nc3 31. Rd2 Rxd2 32. Nxd2 Nxb5 33. c4 Nd4 34. c5 f5 35. Ngf1 Bf4 36. g3 Bg5 37. h4 Be7 0-1

[Event "Winnipeg Tuesday Night op 9th"]
[Site "Winnipeg CAN"]
[Date "2000.09.19"]
[Round "2"]
[White "Barkman, Daniel"]
[Black "Milord, Frank"]
[Result "1/2-1/2"]
[WhiteElo "1524"]
[BlackElo "1786"]
[PlyCount "63"]
[GameId "2160767911652490"]
[EventDate "2000.09.12"]
[EventType "swiss"]
[EventRounds "6"]
[EventCountry "CAN"]
[SourceTitle "EXT 2005"]
[Source "ChessBase"]
[SourceDate "2004.11.15"]
[SourceVersion "1"]
[SourceVersionDate "2004.11.15"]
[SourceQuality "1"]

1. e4 d6 2. d4 Nf6 3. Nc3 g6 4. Bc4 Bg7 5. Nf3 O-O 6. O-O Nxe4 7. Nxe4 d5 8. Bd3 dxe4 9. Bxe4 c6 10. Bg5 Nd7 11. Re1 Nf6 12. Bd3 h6 13. Bf4 Nh5 14. Be5 Bg4 15. h3 Be6 16. Bxg7 Nxg7 17. Qd2 Kh7 18. Nh4 Bf5 19. Nxf5 Nxf5 20. Re4 e6 21. c3 Qf6 22. b4 a6 23. Qf4 Kg7 24. Qc7 Qe7 25. Qb6 Nd6 26. Qc5 b6 27. Qe5+ Kg8 28. Rg4 Ne8 29. Qh5 Nf6 30. Qh4 Qd8 31. Rg3 Kg7 32. Qf4 1/2-1/2

[Event "Winnipeg Tuesday Night op 9th"]
[Site "Winnipeg CAN"]
[Date "2000.09.19"]
[Round "2"]
[White "Bays, Derek"]
[Black "Greenberg, Harley"]
[Result "1-0"]
[WhiteElo "1508"]
[BlackElo "1689"]
[PlyCount "45"]
[GameId "2160767911652491"]
[EventDate "2000.09.12"]
[EventType "swiss"]
[EventRounds "6"]
[EventCountry "CAN"]
[SourceTitle "EXT 2005"]
[Source "ChessBase"]
[SourceDate "2004.11.15"]
[SourceVersion "1"]
[SourceVersionDate "2004.11.15"]
[SourceQuality "1"]

1. e4 c5 2. Nf3 Nc6 3. Bb5 a6 4. Bxc6 dxc6 5. O-O Bg4 6. h3 Bh5 7. d3 Qc7 8. Be3 e6 9. Nbd2 f5 10. exf5 exf5 11. Re1 O-O-O 12. Bg5 Be7 13. Qe2 Bxg5 14. Qe6+ Kb8 15. Nxg5 Nh6 16. Qe7 Rd7 17. Qxc5 f4 18. Ne6 Rd5 19. Qc3 Qd7 20. Nxf4 Rg5 21. Nxh5 Qxh3 22. Ng3 Rxg3 23. Qe5+ 1-0

[Event "Winnipeg Tuesday Night op 9th"]
[Site "Winnipeg CAN"]
[Date "2000.09.19"]
[Round "2"]
[White "Boron, Anthony"]
[Black "Czarny, Keith"]
[Result "1-0"]
[WhiteElo "1887"]
[BlackElo "1699"]
[PlyCount "45"]
[GameId "2160767911652492"]
[EventDate "2000.09.12"]
[EventType "swiss"]
[EventRounds "6"]
[EventCountry "CAN"]
[SourceTitle "EXT 2005"]
[Source "ChessBase"]
[SourceDate "2004.11.15"]
[SourceVersion "1"]
[SourceVersionDate "2004.11.15"]
[SourceQuality "1"]

1. d4 f5 2. Bg5 d5 3. e3 Nc6 4. Bb5 Bd7 5. Nc3 a6 6. Ba4 Na7 7. Nf3 Bxa4 8. Nxa4 h6 9. Bf4 Nf6 10. Ne5 g5 11. Bg3 h5 12. h4 g4 13. Nc5 Ne4 14. Ng6 Nxg3 15. fxg3 Rg8 16. Ne6 Qd6 17. Ngxf8 Qxg3+ 18. Kf1 Nb5 19. Qe1 Qd6 20. a4 Na7 21. Qf2 Rc8 22. Qxf5 Nc6 23. Qxh5+ 1-0

[Event "Winnipeg Tuesday Night op 9th"]
[Site "Winnipeg CAN"]
[Date "2000.09.19"]
[Round "2"]
[White "Haapamaki, Eric"]
[Black "Henson, Joshua"]
[Result "1/2-1/2"]
[WhiteElo "1761"]
[BlackElo "2149"]
[PlyCount "42"]
[GameId "2160767911652493"]
[EventDate "2000.09.12"]
[EventType "swiss"]
[EventRounds "6"]
[EventCountry "CAN"]
[SourceTitle "EXT 2005"]
[Source "ChessBase"]
[SourceDate "2004.11.15"]
[SourceVersion "1"]
[SourceVersionDate "2004.11.15"]
[SourceQuality "1"]

1. e4 g6 2. d4 Bg7 3. c4 c5 4. d5 d6 5. Nf3 Nf6 6. Nc3 O-O 7. Be2 b5 8. cxb5 a6 9. O-O axb5 10. Bxb5 Ba6 11. Bxa6 Nxa6 12. Rb1 Qd7 13. a3 Rfb8 14. Qc2 Rb7 15. Bd2 Nc7 16. Rfc1 Ng4 17. h3 Ne5 18. Nxe5 Bxe5 19. b4 Na6 20. Nd1 Rb5 21. Bc3 Rb7 1/2-1/2

[Event "Winnipeg Tuesday Night op 9th"]
[Site "Winnipeg CAN"]
[Date "2000.09.19"]
[Round "2"]
[White "Hanrahan, Nigel"]
[Black "Trueman, Francis"]
[Result "1-0"]
[WhiteElo "1635"]
[BlackElo "1506"]
[PlyCount "63"]
[GameId "2160767911652494"]
[EventDate "2000.09.12"]
[EventType "swiss"]
[EventRounds "6"]
[EventCountry "CAN"]
[SourceTitle "EXT 2005"]
[Source "ChessBase"]
[SourceDate "2004.11.15"]
[SourceVersion "1"]
[SourceVersionDate "2004.11.15"]
[SourceQuality "1"]

1. c4 e5 2. g3 Nf6 3. Bg2 d6 4. Nc3 Nbd7 5. e4 g6 6. Nge2 Bg7 7. d3 O-O 8. O-O c6 9. h3 h5 10. Bg5 Qe8 11. Qd2 Qe6 12. Bh6 a6 13. Bxg7 Kxg7 14. f4 b5 15. f5 Qe7 16. Qg5 bxc4 17. dxc4 Qd8 18. b3 Qb6+ 19. Kh2 Qd8 20. Qd2 Qe7 21. Rad1 Ne8 22. fxg6 fxg6 23. Rxf8 Nxf8 24. Ng1 Ne6 25. Nce2 g5 26. Nf3 Kh8 27. h4 gxh4 28. Nxh4 Qg7 29. Nf5 Qg4 30. Qh6+ Kg8 31. Qe3 Bb7 32. Nh6+ 1-0

[Event "Winnipeg Tuesday Night op 9th"]
[Site "Winnipeg CAN"]
[Date "2000.09.19"]
[Round "2"]
[White "Schulz, Waldemar"]
[Black "Klokow, John"]
[Result "1-0"]
[WhiteElo "2016"]
[BlackElo "1741"]
[PlyCount "45"]
[GameId "2160767911652495"]
[EventDate "2000.09.12"]
[EventType "swiss"]
[EventRounds "6"]
[EventCountry "CAN"]
[SourceTitle "EXT 2005"]
[Source "ChessBase"]
[SourceDate "2004.11.15"]
[SourceVersion "1"]
[SourceVersionDate "2004.11.15"]
[SourceQuality "1"]

1. d4 e6 2. g3 d5 3. c4 c6 4. Bg2 f5 5. Nc3 Nf6 6. Nh3 Be7 7. O-O O-O 8. Qd3 Bd7 9. Rd1 Be8 10. Nf4 Bf7 11. h4 Ne4 12. cxd5 exd5 13. Rb1 Nd7 14. b4 Ndf6 15. b5 Ng4 16. Nxe4 fxe4 17. Qb3 Bxh4 18. gxh4 Qxh4 19. Qg3 Qxg3 20. fxg3 Rab8 21. Bh3 Nh6 22. Ba3 Rfe8 23. Bd7 1-0

[Event "Winnipeg Tuesday Night op 9th"]
[Site "Winnipeg CAN"]
[Date "2000.09.26"]
[Round "3"]
[White "Boron, Anthony"]
[Black "Schulz, Waldemar"]
[Result "1/2-1/2"]
[WhiteElo "1887"]
[BlackElo "2016"]
[PlyCount "51"]
[GameId "2160767911652496"]
[EventDate "2000.09.12"]
[EventType "swiss"]
[EventRounds "6"]
[EventCountry "CAN"]
[SourceTitle "EXT 2005"]
[Source "ChessBase"]
[SourceDate "2004.11.15"]
[SourceVersion "1"]
[SourceVersionDate "2004.11.15"]
[SourceQuality "1"]

1. d4 Nf6 2. Nf3 d5 3. Bf4 e6 4. e3 Nbd7 5. c4 c6 6. Bd3 Bb4+ 7. Nbd2 dxc4 8. Bxc4 Nb6 9. O-O O-O 10. a3 Bd6 11. Bxd6 Qxd6 12. Ba2 Rd8 13. Rc1 Bd7 14. Qc2 Rac8 15. Bb1 g6 16. Ne4 Nxe4 17. Qxe4 Qe7 18. h4 Nd5 19. Qe5 Nf6 20. Qg5 Be8 21. e4 Rc7 22. Rfd1 Nh5 23. Qe3 Nf6 24. Qg5 Nh5 25. Qe3 Nf6 26. Qg5 1/2-1/2

[Event "Winnipeg Tuesday Night op 9th"]
[Site "Winnipeg CAN"]
[Date "2000.09.26"]
[Round "3"]
[White "Czarny, Keith"]
[Black "Barkman, Daniel"]
[Result "0-1"]
[WhiteElo "1699"]
[BlackElo "1524"]
[PlyCount "42"]
[GameId "2160767911652497"]
[EventDate "2000.09.12"]
[EventType "swiss"]
[EventRounds "6"]
[EventCountry "CAN"]
[SourceTitle "EXT 2005"]
[Source "ChessBase"]
[SourceDate "2004.11.15"]
[SourceVersion "1"]
[SourceVersionDate "2004.11.15"]
[SourceQuality "1"]

1. Nf3 Nf6 2. b3 d5 3. Bb2 Bg4 4. Ne5 Bf5 5. e3 e6 6. Be2 Nbd7 7. Nf3 Bd6 8. Nh4 Bg6 9. Nxg6 hxg6 10. h3 Qe7 11. Nc3 Be5 12. f4 Bd6 13. Nb5 Ne4 14. Nxd6+ cxd6 15. h4 Rxh4 16. Rg1 g5 17. d3 Ng3 18. fxg5 Qxg5 19. Qd2 Rc8 20. O-O-O d4 21. exd4 Nxe2+ 0-1

[Event "Winnipeg Tuesday Night op 9th"]
[Site "Winnipeg CAN"]
[Date "2000.09.26"]
[Round "3"]
[White "Henson, Joshua"]
[Black "Khedkar, Jay S"]
[Result "1/2-1/2"]
[WhiteElo "2149"]
[BlackElo "1994"]
[PlyCount "27"]
[GameId "2160767911652498"]
[EventDate "2000.09.12"]
[EventType "swiss"]
[EventRounds "6"]
[EventCountry "CAN"]
[SourceTitle "EXT 2005"]
[Source "ChessBase"]
[SourceDate "2004.11.15"]
[SourceVersion "1"]
[SourceVersionDate "2004.11.15"]
[SourceQuality "1"]

1. d4 d5 2. Bg5 h6 3. Bh4 Bf5 4. e3 Nd7 5. Bd3 Bxd3 6. Qxd3 Ngf6 7. Nc3 e6 8. Nge2 c6 9. e4 dxe4 10. Nxe4 Be7 11. Nxf6+ Nxf6 12. O-O O-O 13. c4 Qa5 14. Rfd1 1/2-1/2

[Event "Winnipeg Tuesday Night op 9th"]
[Site "Winnipeg CAN"]
[Date "2000.09.26"]
[Round "3"]
[White "Klokow, John"]
[Black "Hanrahan, Nigel"]
[Result "0-1"]
[WhiteElo "1741"]
[BlackElo "1635"]
[PlyCount "60"]
[GameId "2160767911652499"]
[EventDate "2000.09.12"]
[EventType "swiss"]
[EventRounds "6"]
[EventCountry "CAN"]
[SourceTitle "EXT 2005"]
[Source "ChessBase"]
[SourceDate "2004.11.15"]
[SourceVersion "1"]
[SourceVersionDate "2004.11.15"]
[SourceQuality "1"]

1. e4 c6 2. d4 d5 3. exd5 cxd5 4. c4 Nf6 5. Nc3 e6 6. Nf3 Be7 7. cxd5 Nxd5 8. Bd3 O-O 9. O-O Nc6 10. a3 a6 11. Qe2 Nf6 12. Rd1 Bd7 13. Bd2 Na5 14. Bc2 Rc8 15. Ne5 Nc6 16. Be3 Nd5 17. Qd3 g6 18. Nxd5 exd5 19. Bh6 Bf5 20. Qe2 Bxc2 21. Bxf8 Bxf8 22. Qxc2 Nxe5 23. Qxc8 Nf3+ 24. gxf3 Qxc8 25. Rd2 Qh3 26. f4 Qg4+ 27. Kf1 Qxf4 28. Rad1 Qf3 29. Rd3 Qh1+ 30. Ke2 Qxh2 0-1

[Event "Winnipeg Tuesday Night op 9th"]
[Site "Winnipeg CAN"]
[Date "2000.09.26"]
[Round "3"]
[White "Milord, Frank"]
[Black "Haapamaki, Eric"]
[Result "1-0"]
[WhiteElo "1786"]
[BlackElo "1761"]
[PlyCount "59"]
[GameId "2160767911652500"]
[EventDate "2000.09.12"]
[EventType "swiss"]
[EventRounds "6"]
[EventCountry "CAN"]
[SourceTitle "EXT 2005"]
[Source "ChessBase"]
[SourceDate "2004.11.15"]
[SourceVersion "1"]
[SourceVersionDate "2004.11.15"]
[SourceQuality "1"]

1. e4 c5 2. Nf3 d6 3. d4 cxd4 4. Nxd4 Nf6 5. Nc3 a6 6. Be3 e5 7. Nb3 Be6 8. Be2 Be7 9. f3 Nbd7 10. Qd2 b5 11. O-O O-O 12. Nd5 Bxd5 13. exd5 Nb6 14. Bxb6 Qxb6+ 15. Kh1 Rfc8 16. Na5 Nxd5 17. Qxd5 Qxa5 18. f4 e4 19. Qxe4 Re8 20. Bd3 g6 21. Qd5 Kg7 22. a4 Qd8 23. axb5 axb5 24. Bxb5 Rf8 25. c3 Rb8 26. Ra6 Qc7 27. Rfa1 Rb7 28. c4 Bf6 29. Rb1 Rc8 30. g3 1-0

[Event "Winnipeg Tuesday Night op 9th"]
[Site "Winnipeg CAN"]
[Date "2000.10.03"]
[Round "4"]
[White "Haapamaki, Eric"]
[Black "Bays, Derek"]
[Result "1-0"]
[WhiteElo "1761"]
[BlackElo "1548"]
[PlyCount "61"]
[GameId "2160767911652501"]
[EventDate "2000.09.12"]
[EventType "swiss"]
[EventRounds "6"]
[EventCountry "CAN"]
[SourceTitle "EXT 2005"]
[Source "ChessBase"]
[SourceDate "2004.11.15"]
[SourceVersion "1"]
[SourceVersionDate "2004.11.15"]
[SourceQuality "1"]

1. e4 c6 2. d4 d5 3. Nd2 dxe4 4. Nxe4 Nd7 5. Bc4 e6 6. Qe2 Ndf6 7. Ng5 Nd5 8. Bd2 Be7 9. N5f3 Ngf6 10. Ne5 O-O 11. O-O-O Qc7 12. Ngf3 b5 13. Bd3 Nb4 14. Bxb4 Bxb4 15. h4 a5 16. g4 g6 17. h5 a4 18. hxg6 fxg6 19. Rh6 Nxg4 20. Nxg4 Qf4+ 21. Nd2 Qxd4 22. Qe4 Qxe4 23. Nxe4 Be7 24. Rdh1 Rf7 25. Ne5 a3 26. Nxf7 axb2+ 27. Kxb2 Kxf7 28. Rxh7+ Ke8 29. Rh8+ Kd7 30. R1h7 Bb7 31. Nc5+ 1-0

[Event "Winnipeg Tuesday Night op 9th"]
[Site "Winnipeg CAN"]
[Date "2000.10.03"]
[Round "4"]
[White "Hanrahan, Nigel"]
[Black "Barkman, Daniel"]
[Result "1-0"]
[WhiteElo "1715"]
[BlackElo "1524"]
[PlyCount "57"]
[GameId "2160767911652502"]
[EventDate "2000.09.12"]
[EventType "swiss"]
[EventRounds "6"]
[EventCountry "CAN"]
[SourceTitle "EXT 2005"]
[Source "ChessBase"]
[SourceDate "2004.11.15"]
[SourceVersion "1"]
[SourceVersionDate "2004.11.15"]
[SourceQuality "1"]

1. c4 e5 2. g3 b6 3. Bg2 Nc6 4. d3 Nge7 5. b4 Bb7 6. Nc3 Nf5 7. a3 Qc8 8. e4 Ncd4 9. Nd5 Ne7 10. Ne2 Nxd5 11. exd5 Nf5 12. Bb2 Bd6 13. Be4 Ne7 14. d4 exd4 15. Bxd4 O-O 16. Qc2 Ng6 17. c5 bxc5 18. Bxc5 Bxc5 19. bxc5 d6 20. cxd6 cxd6 21. Qxc8 Raxc8 22. O-O Rfe8 23. Bf3 Ne7 24. Nf4 g5 25. Nh5 Kf8 26. Nf6 Kg7 27. Nxe8+ Rxe8 28. Rfe1 Kf8 29. Rab1 1-0

[Event "Winnipeg Tuesday Night op 9th"]
[Site "Winnipeg CAN"]
[Date "2000.10.03"]
[Round "4"]
[White "Henson, Joshua"]
[Black "Boron, Anthony"]
[Result "1-0"]
[WhiteElo "2149"]
[BlackElo "1941"]
[PlyCount "71"]
[GameId "2160767911652503"]
[EventDate "2000.09.12"]
[EventType "swiss"]
[EventRounds "6"]
[EventCountry "CAN"]
[SourceTitle "EXT 2005"]
[Source "ChessBase"]
[SourceDate "2004.11.15"]
[SourceVersion "1"]
[SourceVersionDate "2004.11.15"]
[SourceQuality "1"]

1. e4 e6 2. d4 d5 3. Nc3 Nf6 4. e5 Nfd7 5. Nce2 c5 6. c3 Nc6 7. f4 b5 8. Nf3 b4 9. g4 h5 10. gxh5 Ba6 11. Ng3 Bxf1 12. Kxf1 Qb6 13. Kg2 Rc8 14. Rf1 bxc3 15. bxc3 cxd4 16. cxd4 Nb4 17. Rf2 Rc4 18. a3 Nc6 19. Bb2 Qa5 20. f5 exf5 21. Nxf5 Rxh5 22. Ne3 Ra4 23. Nxd5 Nb6 24. Nxb6 axb6 25. Qc2 Qa8 26. Kg1 b5 27. Rc1 Rc4 28. Qe4 Rxc1+ 29. Bxc1 Qa6 30. Qg4 g6 31. Ng5 Nd8 32. Rf6 Qa5 33. Nxf7 Be7 34. Nd6+ Bxd6 35. Qxg6+ Ke7 36. exd6+ 1-0

[Event "Winnipeg Tuesday Night op 9th"]
[Site "Winnipeg CAN"]
[Date "2000.10.03"]
[Round "4"]
[White "Khedkar, Jay S"]
[Black "Milord, Frank"]
[Result "1-0"]
[WhiteElo "1954"]
[BlackElo "1786"]
[PlyCount "45"]
[GameId "2160767911652504"]
[EventDate "2000.09.12"]
[EventType "swiss"]
[EventRounds "6"]
[EventCountry "CAN"]
[SourceTitle "EXT 2005"]
[Source "ChessBase"]
[SourceDate "2004.11.15"]
[SourceVersion "1"]
[SourceVersionDate "2004.11.15"]
[SourceQuality "1"]

1. e4 e5 2. f4 Bc5 3. Nf3 d6 4. Nc3 Bg4 5. Bc4 Nf6 6. d3 O-O 7. Na4 Bb6 8. Nxb6 axb6 9. O-O Nc6 10. c3 exf4 11. Bxf4 Ne5 12. Bxe5 dxe5 13. Qe1 Qd6 14. d4 Bxf3 15. Rxf3 c5 16. d5 Ra4 17. b3 Ra5 18. a4 Rfa8 19. Rd1 Rf8 20. Qh4 h6 21. Rdf1 Ne8 22. Qh5 Qe7 23. Rxf7 1-0

[Event "Winnipeg Tuesday Night op 9th"]
[Site "Winnipeg CAN"]
[Date "2000.10.03"]
[Round "4"]
[White "Klokow, John"]
[Black "Weijs, Harry"]
[Result "1-0"]
[WhiteElo "1741"]
[BlackElo "1514"]
[PlyCount "69"]
[GameId "2160767911652505"]
[EventDate "2000.09.12"]
[EventType "swiss"]
[EventRounds "6"]
[EventCountry "CAN"]
[SourceTitle "EXT 2005"]
[Source "ChessBase"]
[SourceDate "2004.11.15"]
[SourceVersion "1"]
[SourceVersionDate "2004.11.15"]
[SourceQuality "1"]

1. e4 d5 2. exd5 Qxd5 3. Nc3 Qa5 4. Nf3 Nf6 5. d4 c6 6. Be2 g6 7. O-O Bg7 8. Be3 Bg4 9. h3 Bxf3 10. Bxf3 e6 11. Qd2 Nbd7 12. b4 Qc7 13. b5 Nb6 14. bxc6 bxc6 15. Qe2 O-O 16. a4 Nfd5 17. Ne4 Nxe3 18. fxe3 e5 19. a5 Nd7 20. Qc4 exd4 21. exd4 Rab8 22. Ra2 Rb5 23. c3 a6 24. Nd2 Nb8 25. Qa4 Qe7 26. Nc4 c5 27. Re2 Qa7 28. d5 Bxc3 29. d6 Rb4 30. Qa2 Qd7 31. Re7 Qb5 32. Bd5 Nc6 33. Rexf7 Rxf7 34. Rxf7 Rb1+ 35. Rf1+ 1-0

[Event "Winnipeg Tuesday Night op 9th"]
[Site "Winnipeg CAN"]
[Date "2000.10.17"]
[Round "5"]
[White "Boron, Anthony"]
[Black "Khedkar, Jay S"]
[Result "0-1"]
[WhiteElo "1941"]
[BlackElo "1954"]
[PlyCount "73"]
[GameId "2160767911652506"]
[EventDate "2000.09.12"]
[EventType "swiss"]
[EventRounds "6"]
[EventCountry "CAN"]
[SourceTitle "EXT 2005"]
[Source "ChessBase"]
[SourceDate "2004.11.15"]
[SourceVersion "1"]
[SourceVersionDate "2004.11.15"]
[SourceQuality "1"]

1. d4 d5 2. Nf3 Nf6 3. e3 e6 4. Nbd2 Be7 5. Ne5 O-O 6. Bd3 c5 7. c3 Nc6 8. Ndf3 Qc7 9. Nxc6 bxc6 10. Ne5 cxd4 11. exd4 c5 12. O-O Bb7 13. Bg5 h6 14. Bf4 Bd6 15. Bg3 Ne4 16. Bf4 f6 17. Qg4 fxe5 18. dxe5 Rxf4 19. Qxf4 Bxe5 20. Qg4 Qf7 21. f4 Bc7 22. f5 Re8 23. Rad1 Bb6 24. c4 exf5 25. Rxf5 Bc8 26. Bxe4 Rxe4 27. Rxf7 Bxg4 28. Rdf1 Be2 29. Rf8+ Kh7 30. R1f4 Bxc4 31. Rxe4 dxe4 32. Re8 Bd3 33. Kf2 c4+ 34. Ke1 e3 35. Re5 Bd4 36. Re7 Bc5 37. a3 0-1

[Event "Winnipeg Tuesday Night op 9th"]
[Site "Winnipeg CAN"]
[Date "2000.10.17"]
[Round "5"]
[White "Greenberg, Harley"]
[Black "Haapamaki, Eric"]
[Result "1/2-1/2"]
[WhiteElo "1689"]
[BlackElo "1761"]
[PlyCount "73"]
[GameId "2160767911652507"]
[EventDate "2000.09.12"]
[EventType "swiss"]
[EventRounds "6"]
[EventCountry "CAN"]
[SourceTitle "EXT 2005"]
[Source "ChessBase"]
[SourceDate "2004.11.15"]
[SourceVersion "1"]
[SourceVersionDate "2004.11.15"]
[SourceQuality "1"]

1. e4 c5 2. Nf3 d6 3. d4 cxd4 4. Nxd4 Nf6 5. Nc3 a6 6. Bc4 e6 7. O-O b5 8. Bb3 Bb7 9. f3 Nc6 10. Be3 Na5 11. Qe1 Nxb3 12. axb3 Be7 13. Qg3 O-O 14. Bh6 Nh5 15. Qg4 Kh8 16. Qxh5 gxh6 17. Kh1 Bf6 18. Nce2 Bg7 19. c3 Qg5 20. Qh3 b4 21. f4 Qe7 22. f5 e5 23. f6 Bxf6 24. Nf5 Bc8 25. Nxe7 Bxh3 26. Nd5 Bg4 27. Rxf6 Bxe2 28. Rxd6 bxc3 29. bxc3 Bd3 30. Nb6 Rad8 31. Rxd8 Rxd8 32. Re1 f5 33. Nc4 fxe4 34. Nxe5 Rd5 35. Nc4 h5 36. Ne3 Rb5 37. b4 1/2-1/2

[Event "Winnipeg Tuesday Night op 9th"]
[Site "Winnipeg CAN"]
[Date "2000.10.17"]
[Round "5"]
[White "Hanrahan, Nigel"]
[Black "Henson, Joshua"]
[Result "0-1"]
[WhiteElo "1715"]
[BlackElo "2149"]
[PlyCount "156"]
[GameId "2160767911652508"]
[EventDate "2000.09.12"]
[EventType "swiss"]
[EventRounds "6"]
[EventCountry "CAN"]
[SourceTitle "EXT 2005"]
[Source "ChessBase"]
[SourceDate "2004.11.15"]
[SourceVersion "1"]
[SourceVersionDate "2004.11.15"]
[SourceQuality "1"]

1. c4 Nf6 2. g3 e6 3. Bg2 d5 4. Nf3 Be7 5. O-O dxc4 6. Qa4+ Nbd7 7. Qxc4 O-O 8. a3 Nb6 9. Qc2 c5 10. b3 Bd7 11. Ne5 Qc7 12. Nxd7 Qxd7 13. d3 Rac8 14. Bb2 Nbd5 15. Nd2 b5 16. Ne4 Nxe4 17. dxe4 Nb6 18. Rfd1 Qc7 19. f4 Rfd8 20. Be5 Bd6 21. Bxd6 Rxd6 22. e5 Rdd8 23. Rxd8+ Rxd8 24. Rd1 c4 25. Rxd8+ Qxd8 26. e3 Qd7 27. Kf2 Kf8 28. Bf1 cxb3 29. Qxb3 Qd2+ 30. Be2 a6 31. Qd3 Qxd3 32. Bxd3 Ke7 33. e4 Kd7 34. Ke3 Kc6 35. Kd4 a5 36. Kc3 Kc5 37. g4 g5 38. fxg5 Nd7 39. Be2 Nxe5 40. h4 b4+ 41. axb4+ axb4+ 42. Kb3 Nc6 43. Bd1 Nd4+ 44. Kb2 Kb5 45. h5 Kc5 46. g6 fxg6 47. hxg6 hxg6 48. Ba4 g5 49. Bd7 Kd6 50. Be8 Ke5 51. Bg6 Kf4 52. Bh5 Kxe4 53. Bg6+ Kf4 54. Bh5 e5 55. Kc1 e4 56. Bg6 Nc6 57. Bh7 Ne5 58. Kc2 Nxg4 59. Bxe4 Kxe4 60. Kb3 Ne3 61. Kxb4 g4 62. Kc3 Kf3 63. Kd2 Kf2 64. Kd3 g3 65. Ke4 g2 66. Ke5 g1=Q 67. Kd4 Nf1 68. Kd3 Qg3+ 69. Ke4 Qe3+ 70. Kd5 Qf4 71. Kc5 Ke3 72. Kd5 Qd4+ 73. Ke6 Qc5 74. Kf6 Kf4 75. Ke6 Qc6+ 76. Ke7 Kf5 77. Kf7 Qb7+ 78. Ke8 Ke6 0-1